| 000 | 00654ngm a22001697a 4500 | ||
|---|---|---|---|
| 005 | 20170217145758.0 | ||
| 008 | 160921b xxu||||| |||| 00| 0 spa d | ||
| 041 | _aspa | ||
| 082 | _a8 DVD | ||
| 245 | _aCómo sacar provecho a los cambios. | ||
| 300 | _a1 CD-ROM | ||
| 505 | _aLos cambios pueden ser un dolor de cabeza, pero también pueden ser positivos, una oportunidad para mejorar, ampliar nuestra visión y crecer. Este programa muestra, entre otras lecciones, cual es la mejor forma de reaccionar a los cambios. | ||
| 650 |
_aCAMBIO ORGANIZACIONAL _93377 |
||
| 650 |
_aCALIDAD TOTAL _940 |
||
| 650 |
_aOPORTUNIDAD DE CAMBIO _940425 |
||
| 942 | _cDVD | ||
| 999 |
_c8852 _d8852 |
||